Alejo Carpentier: cronista mayor de Indias de la época contemporánea
Shranjeno v:
| Glavni avtor: | |
|---|---|
| Format: | Knjiga |
| Jezik: | Undetermined |
| Izdano: |
San José, Costa Rica
Universidad de Costa Rica, Sistema de Estudios de Posgrado
1995
|
| Teme: | |
| Oznake: |
Označite
Brez oznak, prvi označite!
|
MARC
| LEADER | 00000nam a2200000Ia 4500 | ||
|---|---|---|---|
| 008 | 170316s9999 xx 000 0 und d | ||
| 040 | |a cru BVZT | ||
| 090 | |a TESIS 850 | ||
| 100 | |a Sánchez Molina, Ana C. | ||
| 245 | |a Alejo Carpentier: cronista mayor de Indias de la época contemporánea | ||
| 260 | |a San José, Costa Rica | ||
| 260 | |b Universidad de Costa Rica, Sistema de Estudios de Posgrado | ||
| 260 | |c 1995 | ||
| 300 | |a 215 páginas | ||
| 650 | |a TRABAJO FINAL DE GRADUACIÓN | ||
| 650 | |a SEP | ||
| 650 | |a ALEJO CARPENTIER | ||
| 650 | |a LATINOAMÉRICA | ||
| 650 | |a CULTURA | ||
| 650 | |a HISTORIA | ||
| 650 | |a LITERATURA | ||
| 999 | |c 14518 |d 14518 | ||
| 942 | |c TFG |h TESIS 850 |2 z | ||
